00757nam a22002417a 4500003000500000005001700005008004100022010001000063011001000073020001500083035001100098040000900109082001500118100003500133245007900168260003700247300005700284500005100341650005400392650002500446650001700471700002700488CHAP20220329143306.0080222d2005 es ad r 00110 spa d a94493 a95465 a8420010413 a106091 cCHAP04a591.1bE5Y1 aEngelhardt, Wolfgang v.e, ed.10aFisiología veterinariac/ed. por Wolfgang v. Engelhardt y Gerhard Breves aZaragoza :bAcribia, S.A.,c2005 axix, 683 p. :bilus. ; gráfs. ; tablas ; diagramas aTrad. : Physiologie der haustiere, 1 ed. c200214aAnimales domésticosxAnatomía y fisiología.14aFisiología animal.14aVeterinaria.1 aBreves, Gerharde, ed.